<?xml version="1.0" encoding="UTF-8"?><?xml-stylesheet type="text/xsl" href="static/style.xsl"?><OAI-PMH xmlns="http://www.openarchives.org/OAI/2.0/" xmlns:xsi="http://www.w3.org/2001/XMLSchema-instance" xsi:schemaLocation="http://www.openarchives.org/OAI/2.0/ http://www.openarchives.org/OAI/2.0/OAI-PMH.xsd"><responseDate>2026-04-17T06:36:20Z</responseDate><request verb="GetRecord" identifier="oai:www.recercat.cat:10230/59417" metadataPrefix="marc">https://recercat.cat/oai/request</request><GetRecord><record><header><identifier>oai:recercat.cat:10230/59417</identifier><datestamp>2025-12-20T16:26:42Z</datestamp><setSpec>com_2072_6</setSpec><setSpec>col_2072_452952</setSpec></header><metadata><record xmlns="http://www.loc.gov/MARC21/slim" xmlns:dcterms="http://purl.org/dc/terms/" xmlns:xsi="http://www.w3.org/2001/XMLSchema-instance" xmlns:doc="http://www.lyncode.com/xoai" xsi:schemaLocation="http://www.loc.gov/MARC21/slim http://www.loc.gov/standards/marcxml/schema/MARC21slim.xsd">
   <leader>00925njm 22002777a 4500</leader>
   <datafield ind2=" " ind1=" " tag="042">
      <subfield code="a">dc</subfield>
   </datafield>
   <datafield ind2=" " ind1=" " tag="720">
      <subfield code="a">Arenare, Giovanna</subfield>
      <subfield code="e">author</subfield>
   </datafield>
   <datafield ind2=" " ind1=" " tag="260">
      <subfield code="c">2024-03-15T07:09:16Z</subfield>
   </datafield>
   <datafield ind2=" " ind1=" " tag="260">
      <subfield code="c">2025-12-18T23:45:51Z</subfield>
   </datafield>
   <datafield ind2=" " ind1=" " tag="260">
      <subfield code="c">2024</subfield>
   </datafield>
   <datafield ind2=" " ind1=" " tag="520">
      <subfield code="a">Data de publicació electrònica: 4 de gener de 2024</subfield>
   </datafield>
   <datafield ind2=" " ind1=" " tag="520">
      <subfield code="a">This mixed-method study explores the motivational mindsets towards the learning of LOTEs of two groups of Italian preadolescents (aged 10–14) after Romance Intercomprehension (RIC) training in a school context. Reference is made to the notions of self-efficacy, the extrinsic/intrinsic spectrum and the emergence of a desired plurilingual identity. Data—collected through a close-ended questionnaire item (with control groups of untrained peers), and semi-structured post-training interviews—are discussed following a descriptive interpretive paradigm with an ethnographic approach. Findings allow to characterise participants’ post-training motivation towards the learning of LOTEs as more intrinsic and self-regulated than that of control groups, and indicate awareness of increased self-efficacy and the emergence of an embryonic ideal plurilingual identity. Further research is needed to substantiate these findings with more generalisable data. However, findings suggest that RIC training positively affects motivation to learn LOTEs, and its curricular implementation holds potential for fostering openness in a multilingual and multicultural society.</subfield>
   </datafield>
   <datafield ind2=" " ind1=" " tag="520">
      <subfield code="a">The work was supported by the Ministero dell’Università e della Ricerca (three-year paid leave for doctoral studies) [prot. 0007095 of 10.06.2019]; Agencia de Gestio d’Ajuts Universitaris i de Recerca (AGAUR), Research Project Grupo Gr@ael [2017SGR 915]; Ministerio de Ciencia e Innovacion y Agencia Estatal de Investigacion, Research Project Inter_ECODAL [PID2020-113796RB-I00/MICINN/AEI/10.13039/501100011].</subfield>
   </datafield>
   <datafield tag="653" ind2=" " ind1=" ">
      <subfield code="a">Intercomprehension</subfield>
   </datafield>
   <datafield tag="653" ind2=" " ind1=" ">
      <subfield code="a">Language learning motivation</subfield>
   </datafield>
   <datafield tag="653" ind2=" " ind1=" ">
      <subfield code="a">Linguistic education</subfield>
   </datafield>
   <datafield tag="653" ind2=" " ind1=" ">
      <subfield code="a">Plurilingual/multilingual identity</subfield>
   </datafield>
   <datafield tag="653" ind2=" " ind1=" ">
      <subfield code="a">Plurilingualism/multilingualism</subfield>
   </datafield>
   <datafield tag="653" ind2=" " ind1=" ">
      <subfield code="a">LOTE</subfield>
   </datafield>
   <datafield ind2="0" ind1="0" tag="245">
      <subfield code="a">(Why) See yourself as plurilingual — intercomprehension and motivation towards the learning of LOTEs in young learners</subfield>
   </datafield>
</record></metadata></record></GetRecord></OAI-PMH>